LEADER 00912cam2 22002651 450 001 SOBE00030741 005 20130228132452.0 100 $a20130228d1947 |||||ita|0103 ba 101 $aita 102 $aIT 200 1 $a<<1: L'>>Inferno$fDante Alighieri$gcommentata da Manfredi Porena 210 $aBologna$cZanichelli$d1947 215 $aVII, 327 p.$d21 cm 461 1$1001SON0007220$12001 $a<>Divina Commedia / Dante Alighieri ; commentata da Manfredi Porena 700 1$aAlighieri$b, Dante$3AF00006811$4070$038904 702 1$aPorena, Manfredi$3AF00023930$4070 801 0$aIT$bUNISOB$c20130228$gRICA 850 $aUNISOB 852 $aUNISOB$j850$m3096 912 $aSOBE00030741 940 $aM 102 Monografia moderna SBN 941 $aM 957 $a850$b000018$i-1$gSI$d3096$1bethb$2UNISOB$3UNISOB$420130228132457.0$520130228132655.0$6bethb 996 $aDivina Commedia$914931 997 $aUNISOB LEADER 01304nam 2200445 450 001 9910466628003321 005 20200520144314.0 010 $a1-119-38250-5 010 $a1-119-38255-6 035 $a(CKB)4100000007151312 035 $a(MiAaPQ)EBC5596889 035 $a(PPN)240555562 035 $a(Au-PeEL)EBL5596889 035 $a(OCoLC)1076230454 035 $a(EXLCZ)994100000007151312 100 $a20181215d2019 uy 0 101 0 $aeng 135 $aurcnu|||||||| 181 $ctxt$2rdacontent 182 $cc$2rdamedia 183 $acr$2rdacarrier 200 00$aChemostratigraphy across major chronological boundaries /$fAlcides N. Sial [and three others], editors 210 1$aHoboken, New Jersey :$cWiley,$d[2019] 210 4$dİ2019 215 $a1 online resource (321 pages) 225 1 $aGeophysical monograph ;$v240 311 $a1-119-38248-3 410 0$aGeophysical monograph ;$v240. 606 $aChemostratigraphy 608 $aElectronic books. 615 0$aChemostratigraphy. 676 $a578.012 702 $aSial$b Alcides N. 801 0$bMiAaPQ 801 1$bMiAaPQ 801 2$bMiAaPQ 906 $aBOOK 912 $a9910466628003321 996 $aChemostratigraphy across major chronological boundaries$92193026 997 $aUNINA